Bulgaria UEFA European Championships Players - Statistics

General Stats
  • This quiz has been taken 11 times
  • The average score is 12 of 36
Answer Stats
Lavovete % Correct
Dimitar Berbatov
100%
Hristo Stoichkov
89%
Martin Petrov
67%
Stiliyan Petrov
67%
Borislav Mihaylov
44%
Krasimir Balakov
44%
Lyuboslav Penev
44%
Trifon Ivanov
44%
Vladimir Ivanov
44%
Yordan Letchkov
44%
Boncho Genchev
33%
Daniel Borimirov
33%
Emil Kremenliev
33%
Radostin Kishishev
33%
Zdravko Zdravkov
33%
Zlatko Yankov
33%
Zoran Janković
33%
Ilian Stoyanov
22%
Iliyan Kiryakov
22%
Ivaylo Petkov
22%
Ivaylo Yordanov
22%
Kiril Kotev
22%
Marian Hristov
22%
Milen Petkov
22%
Nasko Sirakov
22%
Predrag Pažin
22%
Rosen Kirilov
22%
Tsanko Tsvetanov
22%
Valeri Bojinov
22%
Velizar Dimitrov
22%
Zdravko Lazarov
22%
Zlatomir Zagorčić
22%
Georgi Donkov
11%
Georgi Peev
11%
Petar Hubchev
11%
Vladimir Manchev
11%
No matching quizzes found
Score Distribution
Percent of People with Each Score
Percentile by Number Answered
Your Score History
You have not taken this quiz